Music Quiz

Random Music or Song Quiz

Artists on Now! Volume 32 (UK) Quiz Stats

 Plays Quiz not verified by Sporcle

Challenge
Share
Tweet
Embed
Score 0/40 Timer 05:00
0 Plays Today
Song Artist % Correct
BoombasticShaggy
94%
Gangsta's ParadiseCoolio ft. L.V.
91.6%
Roll with ItOasis
84.3%
Hold Me, Thrill Me, Kiss Me, Kill MeU2
83.1%
Country HouseBlur
81.9%
FairgroundSimply Red
79.5%
GoldenEye (Single Edit)Tina Turner
74.7%
Missing [Todd Terry Club Mix]Everything but the Girl
74.7%
Walking in MemphisCher
72.3%
I'd Lie for You (And That's the Truth)Meat Loaf
68.7%
Sorted for E's & WizzPulp
68.7%
Power of a WomanEternal
53%
Heaven for EveryoneQueen
49.4%
Stayin' AliveN-Trance ft. Ricardo Da Force
47%
Don't You Want Me [Red Jerry 7 Inch Mix]The Human League
47%
I'm Only SleepingSuggs
42.2%
I Feel Love [Rollo & Sister Bliss Monster Mix]Donna Summer
42.2%
Higher State of ConsciousnessJosh Wink
38.6%
YesMcAlmont and Butler
37.3%
Try Me OutCorona
37.3%
Song Artist % Correct
The Sunshine After the RainBerri
34.9%
AlrightCast
33.7%
I Luv U BabyThe Original
33.7%
LuckyRadiohead
32.5%
Broken StonesPaul Weller
30.1%
Big RiverJimmy Nail
26.5%
I Care (Soul II Soul)Soul II Soul
26.5%
Renegade MasterWildchild
25.3%
Light of My LifeLouise
22.9%
La La La Hey HeyThe Outhere Brothers
22.9%
Pretenders to the ThroneThe Beautiful South
18.1%
Inner City LifeGoldie
18.1%
I Believe (Radio Edit)Happy Clappers
18.1%
Come TogetherThe Smokin' Mojo Filters
14.5%
Big TimeWhigfield
14.5%
Wrap Me UpAlex Party
12%
Wishes of Happiness and Prosperity (Yeha-Noha)Sacred Spirit
10.8%
Fee Fi Fo FumCandy Girls
7.2%
DreamsWild Colour
6%
RunawayE'voke
6%

You're not logged in!

Compare scores with friends on all Sporcle quizzes.
OR
Log In

You Might Also Like...

Show Comments

Extras

Top Quizzes Today


Score Distribution

Your Account Isn't Verified!

In order to create a playlist on Sporcle, you need to verify the email address you used during registration. Go to your Sporcle Settings to finish the process.

Report this User

Report this user for behavior that violates our Community Guidelines.

Details: